UM Logo

K-12 DREAMS to teach program at morehouse college: (Record no. 20501)

MARC details
000 -LEADER
fixed length control field 00965nam a22002177a 4500
003 - CONTROL NUMBER IDENTIFIER
control field OSt
005 - DATE AND TIME OF LATEST TRANSACTION
control field 20240815124759.0
008 - FIXED-LENGTH DATA ELEMENTS--GENERAL INFORMATION
fixed length control field 240815b ||||| |||| 00| 0 eng d
040 ## - CATALOGING SOURCE
Transcribing agency 0
082 ## - DEWEY DECIMAL CLASSIFICATION NUMBER
Classification number DPer 507 J826 September 2019 - June 2020 v.49 n. 1-5
100 ## - MAIN ENTRY--PERSONAL NAME
Personal name Trawick, Cynthia.
Relator term author.
9 (RLIN) 57901
245 ## - TITLE STATEMENT
Title K-12 DREAMS to teach program at morehouse college:
Remainder of title challenges and opportunities creating the next generation of African American male STEM teachers /
Statement of responsibility, etc. Cynthia Trawick, Thema Monroe-White, Jigsa A. Tola, Jamie P. Clayton, and J.K. Haynes
260 ## - PUBLICATION, DISTRIBUTION, ETC. (IMPRINT)
Place of publication, distribution, etc. Arlington USA; v
Name of publisher, distributor, etc. National Science Teaching Association,
Date of publication, distribution, etc. May/June 2020.
300 ## - PHYSICAL DESCRIPTION
Extent volume 49, pages 68-75,
Other physical details illustration.
700 ## - ADDED ENTRY--PERSONAL NAME
Personal name Trawick, Cynthia.
Relator term author.
9 (RLIN) 57901
700 ## - ADDED ENTRY--PERSONAL NAME
Personal name Monroe-White, Thema.
Relator term author.
9 (RLIN) 57902
700 ## - ADDED ENTRY--PERSONAL NAME
Personal name Tola, Jigsa A.
Relator term author.
9 (RLIN) 57903
700 ## - ADDED ENTRY--PERSONAL NAME
Personal name Clayton, Jamie P.
Relator term author.
9 (RLIN) 57904
700 ## - ADDED ENTRY--PERSONAL NAME
Personal name Haynes, J.K.
Relator term author.
9 (RLIN) 57905
942 ## - ADDED ENTRY ELEMENTS (KOHA)
Source of classification or shelving scheme Dewey Decimal Classification
Koha item type Periodicals
Holdings
Withdrawn status Lost status Source of classification or shelving scheme Damaged status Not for loan Collection code Home library Current library Date acquired Total Checkouts Full call number Date last seen Price effective from Koha item type Public note
    Dewey Decimal Classification     Periodicals UM Digos College - LIC UM Digos College - LIC 08/15/2024   DPer 507 J826 September 2019 - June 2020 v.49 n. 1-5 08/15/2024 08/15/2024 Periodicals Periodical Article